FNF Dave and Bambi mod quiz! - Statistics

General Stats
  • This quiz has been taken 1,078 times
  • The average score is 7 of 15
Answer Stats
Question Answer % Correct
How long is Splitathon? 10 minutes
83%
What is the first week? Dave week
83%
What is the final song of the mod called? Splitathon
67%
How do you get the worst ending? End Furiosity with 5% health left
50%
What is the longest song in the Bambi week? Maze
50%
What is Dave's adopted child called? Tristan
50%
bambi GOD??? yes
50%
What is the BPM of 'Secret'? 1600
33%
What colour suit does Bambi wear? Blue
33%
How do you unlock Cheating? By going into the debug menu and switching the song file to Cheating
33%
Where was Dave's original appearance? In a Baldi's Basics mod
33%
What was the cancelled song for Bambi and Bob called? Phone Smash Bash
33%
What is the freeplay song created by ThatPizzaTowerFan called? Screwed
33%
There is a jumpscare involving Bambi when you start up the game, how rare is it? 1/10,000
17%
What will pressing 7 in CHEATING do? u ded boi
0%
No matching quizzes found
Score Distribution
Percent of People with Each Score
Percentile by Number Answered
Your Score History
You have not taken this quiz